CMOS VLSI design : (Record no. 14589)

MARC details
000 -LEADER
fixed length control field 00883cam a22002534a 4500
001 - CONTROL NUMBER
control field TB12054
003 - CONTROL NUMBER IDENTIFIER
control field IN-BhIIT
005 - DATE AND TIME OF LATEST TRANSACTION
control field 20260101155610.0
008 - FIXED-LENGTH DATA ELEMENTS--GENERAL INFORMATION
fixed length control field 100330s2011 maua b 001 0 eng
020 ## - INTERNATIONAL STANDARD BOOK NUMBER
ISBN 9789332542884 (PBK)
040 ## - CATALOGING SOURCE
Original cataloging agency IN-BhIIT
041 ## - LANGUAGE CODE
Language code of text eng
082 00 - DEWEY DECIMAL CLASSIFICATION NUMBER
Classification number 621.395
Book number WES/C
100 1# - MAIN ENTRY--AUTHOR NAME
Personal name Weste, Neil H. E.
Relator term Author
245 10 - TITLE STATEMENT
Title CMOS VLSI design :
Sub Title a circuits and systems perspective /
Statement of responsibility, etc by Neil H.E. Weste, David Money Harris.
250 ## - EDITION STATEMENT
Edition statement 4th ed.
260 ## - PUBLICATION, DISTRIBUTION, ETC. (IMPRINT)
Place of publication Boston :
Name of publisher Addison Wesley,
Year of publication c2011.
300 ## - PHYSICAL DESCRIPTION
Number of Pages xxv, 383 p. :
Other physical details(ill.) col. ill. ;
Dimensions(size) 26 cm.
504 ## - BIBLIOGRAPHY, ETC. NOTE
Bibliography, etc Includes bibliographical references and index.
650 #0 - SUBJECT ADDED ENTRY--TOPICAL TERM
Topical Term Integrated circuits
General subdivision Very large scale integration
-- Design and construction.
Topical Term Metal oxide semiconductors, Complementary.
700 1# - ADDED ENTRY--PERSONAL NAME
Personal name Harris, David Money.
Relator term Joint author
942 ## - ADDED ENTRY ELEMENTS (KOHA)
Koha item type Text Book
Koha issues (borrowed), all copies 5
Holdings
Withdrawn status Lost status Damaged status Not for loan Collection code Home library Current library Date acquired Source of acquisition Cost, normal purchase price Full call number Accession Number Cost, replacement price Price effective from Koha item type
Not withdrawn Not Lost not damaged     Central Library, IIT Bhubaneswar Central Library, IIT Bhubaneswar 31/12/2024 32 791.25 621.395 WES/C TB12062 1055.00 31/12/2024 Text Book
Not withdrawn Not Lost not damaged     Central Library, IIT Bhubaneswar Central Library, IIT Bhubaneswar 31/12/2024 32 791.25 621.395 WES/C TB12059 1055.00 31/12/2024 Text Book
Not withdrawn Not Lost not damaged     Central Library, IIT Bhubaneswar Central Library, IIT Bhubaneswar 31/12/2024 32 791.25 621.395 WES/C TB12057 1055.00 31/12/2024 Text Book
Not withdrawn Not Lost not damaged     Central Library, IIT Bhubaneswar Central Library, IIT Bhubaneswar 31/12/2024 32 791.25 621.395 WES/C TB12058 1055.00 31/12/2024 Text Book
Not withdrawn Not Lost not damaged     Central Library, IIT Bhubaneswar Central Library, IIT Bhubaneswar 31/12/2024 32 791.25 621.395 WES/C TB12056 1055.00 31/12/2024 Text Book
Not withdrawn Not Lost not damaged     Central Library, IIT Bhubaneswar Central Library, IIT Bhubaneswar 31/12/2024 32 791.25 621.395 WES/C TB12061 1055.00 31/12/2024 Text Book
Not withdrawn Not Lost not damaged     Central Library, IIT Bhubaneswar Central Library, IIT Bhubaneswar 31/12/2024 32 791.25 621.395 WES/C TB12060 1055.00 31/12/2024 Text Book
Not withdrawn Not Lost not damaged     Central Library, IIT Bhubaneswar Central Library, IIT Bhubaneswar 31/12/2024 32 791.25 621.395 WES/C TB12055 1055.00 31/12/2024 Text Book
Not withdrawn Not Lost not damaged     Central Library, IIT Bhubaneswar Central Library, IIT Bhubaneswar 31/12/2024 32 791.25 621.395 WES/C TB12063 1055.00 31/12/2024 Text Book
Not withdrawn Not Lost not damaged     Central Library, IIT Bhubaneswar Central Library, IIT Bhubaneswar 31/12/2024 32 791.25 621.395 WES/C TB12054 1055.00 31/12/2024 Course Reserve

Central Library, Indian Institute of Technology Bhubaneswar, 4th Floor, Administrative Building, Argul, Khordha, PIN-752050, Odisha, India
Phone: +91-674-7138750 | Email: circulation.library@iitbbs.ac.in (For circulation related queries),
Email: info.library@iitbbs.ac.in (For other queries)